000 01055nam a2200289 a 4500
001 000046004
003 DO-SdBNP
005 20240502134558.0
007 ta
008 150610s2015 dr a r 000 0 spa d
040 _aDO-SdBNP
_bspa
_cBNPHU
082 4 _a352.48
_bR426c 2015
_222
110 1 _aRepública Dominicana.
_bDirección General de Presupuesto
_974075
245 1 0 _aConozcamos el presupuesto :
_bpresupuesto ciudadano 2015.
260 _aSanto Domingo :
_bDirección General de Presupuesto,
_c2015.
300 _a22 p. :
_bil. ;
_c22 cm.
590 _aInventariado, 2022 / DG
650 0 _aAdministración pública
_zRepública Dominicana
_99266
650 0 _aPresupuesto
_zRepública Dominicana
_96404
650 7 _2LEMB
_977701
_aGastos públicos
_zRepública Dominicana
650 7 _2LEMB
_979139
_aPolítica de gastos públicos
_zRepública Dominicana
700 1 _aSuero, Pamela
_974077
700 1 _aAbreu, Daniel
_980223
700 1 _aHernández, Cristien
_eil
_980220
910 _aValidado. Control de calidad. MAA
942 _2ddc
_cLF2
999 _c45493
_d45493